Normal view
MARC view
Entry Personal Name
001 - CONTROL NUMBER
- control field: 8858
003 - CONTROL NUMBER IDENTIFIER
- control field: OSt
005 - DATE AND TIME OF LATEST TRANSACTION
- control field: 20160518135448.0
008 - FIXED-LENGTH DATA ELEMENTS
- fixed length control field: 160518|| aca||aabn | a|a d
040 ## - CATALOGING SOURCE
- Original cataloging agency: OSt
- Transcribing agency: OSt
100 ## - HEADING--PERSONAL NAME
- Personal name: Edited by Turner, Annie; Foster, Marg
670 ## - SOURCE DATA FOUND
- Source citation: Work cat.: (OSt): Edited by Turner, Annie; Foster, Marg, Occupational Therapy and Physical dysfunction: principles, skills and practice
